| 000 | 006190000a22001810004500 | ||
|---|---|---|---|
| 005 | 20231127094054.0 | ||
| 008 | 230817t1993 ||||| |||| 00| 0 eng d | ||
| 041 | _aeng | ||
| 080 |
_a305.42 _bTHI |
||
| 100 | _aThiruchandran, Selvy | ||
| 245 |
_aThe ideological factor in the subordination of women: _b a comparative analysis of Tamil women of Madras across caste and class |
||
| 260 | _c1993 | ||
| 300 |
_a309 p. _bBibliography and glossary included |
||
| 500 | _aDissertation VU Amsterdam, faculty of socio-cultural sciences. | ||
| 650 | _aWOMEN,SUBORDINATION | ||
| 650 | _aTamil women-Social status | ||
| 942 | _cTH | ||
| 999 |
_c1232 _d1232 |
||